| 000 | 00696nam a2200241 a 4500 | ||
|---|---|---|---|
| 005 | 20210219153041.0 | ||
| 008 | 991125n 000 0 u | ||
| 035 | _aUPN01000074774 | ||
| 100 | _aNibbelink, William H. | ||
| 222 | _aSCHOOL SCIENCE AND MATHEMATICS | ||
| 245 | _aThe effect of print size on achievement in mathematics problem solving | ||
| 300 | _a20-23 | ||
| 362 | _a93, No. 1, 1993 | ||
| 505 | _aJulio 1993 | ||
| 653 | 0 | _aLEGIBILIDAD | |
| 653 | 0 | _aPROBLEMAS DE PALABRAS (MATEMATICAS) | |
| 653 | 0 | _aREALIZACION MATEMATICA | |
| 653 | 0 | _aRESOLUCION DE PROBLEMAS | |
| 700 | _aGerig, Jean A. | ||
| 700 | _aHoover, Hiram D. | ||
| 904 |
_aAC _b012585 |
||
| 905 | _aArticulo | ||
| 999 |
_c67112 _d67112 |
||